Plan de implantación de la educación secundaria obligatoria: material de apoyo para la elaboración del proyecto curricular

Bewaard in:
Bibliografische gegevens
Coauteurs: Departamento de Educación y Cultura (Auteur), Gobierno de Navarra (Auteur)
Formaat: Boek
Taal:Spaans
Gepubliceerd in: Pamplona Gobierno de Navarra 2000
Onderwerpen:
Tags: Voeg label toe
Geen labels, Wees de eerste die dit record labelt!

MARC

LEADER 00000nam a2200000 a 4500
001 UCG1783
003 CL-VaPUC
008 100520e20000000SP |||||||||||||||||spa|d
082 0 4 |a 373.19  |b DEP  |2 21 
110 2 |a Departamento de Educación y Cultura  |e author  |9 549794 
710 2 |a Gobierno de Navarra  |e author  |9 549795 
245 1 0 |a Plan de implantación de la educación secundaria obligatoria: material de apoyo para la elaboración del proyecto curricular 
300 |a 104 p 
942 |c BK 
945 |d 20100520 00:00:00  |a rbrito 
260 |a Pamplona  |b Gobierno de Navarra  |c 2000 
650 0 |a Currículo  |9 307290 
650 0 |a Desarrollo curricular  |9 365285 
583 |a last modification  |c 20130326 10:07:40  |k Rodrigo Vera 
999 |c 341046  |d 341044 
952 |0 0  |1 0  |4 0  |6 373_190000000000000_DEP_2000  |7 0  |8 A  |9 436263  |a BIBEDU  |b BIBEDU  |d 2019-11-22  |i 4677226  |o 373.19 DEP 2000  |p 4677226  |r 2019-11-22  |w 2019-11-22  |y BK  |k EPE